00536nam a2200157 a 450000500170000000800410001702000220005805000210008010000210010124500490012226000400017130000230021165000110023499900190024595201140026420140412111307.0001108s19uu xx 00 eng d a978-971-508-305-8 aFIL EbDa15 2008 aVillanueva, Rene aDalawang bayani ng bansa /cRene Villanueva. aPhilippines :bAdarna house,c2008. a1 v. (unp.) ; ill. aheroes c103761d103761 00104050aELbELcFILd2002-03-11eDonationl0oFIL E Da15 2008pE5832r2014-04-12 00:00:00w2014-04-12yBK